| 000 | 02568nam a2200349Ia 4500 | ||
|---|---|---|---|
| 001 | ebr10081750 | ||
| 003 | CaPaEBR | ||
| 006 | m u | ||
| 007 | cr cn||||||||| | ||
| 008 | 030414s2003 cou sb 001 0 eng d | ||
| 010 | _z 2003008786 | ||
| 020 | _z0870818031 | ||
| 020 | _z0870817426 (hardcover : alk. paper) | ||
| 040 |
_aCaPaEBR _cCaPaEBR |
||
| 035 | _a(OCoLC)559832678 | ||
| 050 | 1 | 4 |
_aKF1266 _b.J66 2003eb |
| 082 | 0 | 4 |
_a346.7303/4 _221 |
| 100 | 1 | _aJones, William K. | |
| 245 | 1 | 0 |
_aInsult to injury _h[electronic resource] : _blibel, slander, and invasions of privacy / _cWilliam K. Jones. |
| 260 |
_aBoulder, Colo. : _bUniv. Press of Colorado, _cc2003. |
||
| 300 | _aviii, 388 p. | ||
| 504 | _aIncludes bibliographical references (p. [363]-370) and index. | ||
| 505 | 0 | _aThe man who had to leave town -- "Heed their rising voices" -- An uncommon common law -- The First Amendment -- Anything that touches on fitness for office -- The tale of the furtive night watchman -- Into the vortex of public controversy -- The big football fix -- The frame-up of officer nuccio -- The golden fleece of the month award -- The reluctant Soviet agent -- Special cases : unlimited, irrelevant and involuntary public figures -- Strictly business -- Purely private libels -- Group libels -- Looking for love? sorry, wrong number -- Blackmail, treason, hypocrisy and lies -- La Cosa Nostra at your service -- The greatest analyst who ever lived -- Five scientists who were paid to lie -- The airman who almost fell to earth -- Actual malice at issue -- The losing game -- Bring in da plea bring in da writ -- Possible pitfalls -- Paths not taken -- The right to privacy -- Genius, hero, maverick, threat -- The man who would be woman -- Paparazzi -- Intrusions on private domains -- Broken promises -- Deception and subterfuge -- After the Pentagon papers -- The adventures of artemus jones -- Justice a la Corrigan -- The impact of the Internet -- Concluding observations. | |
| 533 |
_aElectronic reproduction. _bPalo Alto, Calif. : _cebrary, _d2009. _nAvailable via World Wide Web. _nAccess may be limited to ebrary affiliated libraries. |
||
| 650 | 0 |
_aLibel and slander _zUnited States. |
|
| 650 | 0 |
_aPrivacy, Right of _zUnited States. |
|
| 650 | 0 |
_aLibel and slander _zUnited States _vCases. |
|
| 650 | 0 |
_aPrivacy, Right of _zUnited States _vCases. |
|
| 655 | 7 |
_aElectronic books. _2local |
|
| 710 | 2 | _aebrary, Inc. | |
| 856 | 4 | 0 |
_uhttp://site.ebrary.com/lib/rucke/Doc?id=10081750 _zAn electronic book accessible through the World Wide Web; click to view |
| 999 |
_c55024 _d55024 |
||